|
|
|
|
| LEADER |
00000naa2a2200000 4500 |
| 001 |
181035 |
| 005 |
20231031170944.0 |
| 035 |
|
|
|a (RuTPU)RU\TPU\book\196250
|
| 090 |
|
|
|a 181035
|
| 100 |
|
|
|a 20100601d2009 k y0rusy50 ca
|
| 101 |
0 |
|
|a rus
|
| 102 |
|
|
|a RU
|
| 200 |
1 |
|
|a Степень изученности тектоники фундамента юго-восточной части Западно-Сибирской плиты и перспективы нефтегазоносности данной территории
|f Т. В. Гусева, Т. В. Жилина
|g науч. рук. Т. А. Гайдукова
|
| 320 |
|
|
|a Библиогр.: 3 назв.
|
| 463 |
|
0 |
|0 (RuTPU)RU\TPU\book\186895
|y 978-5-98298-569-9
|t Проблемы геологии и освоения недр
|o труды XIII Международного симпозиума имени академика М. А. Усова студентов и молодых ученых, посвященного 110-летию со дня рождения К. В. Радугина
|f Томский политехнический университет (ТПУ), Институт геологии и нефтегазового дела (ИГНД)
|v С. 350-352
|d 2009
|p 993 с.
|
| 610 |
1 |
|
|a Зпадно-Сибирская плита
|
| 610 |
1 |
|
|a тектоника
|
| 610 |
1 |
|
|a нефтегазоносность
|
| 610 |
1 |
|
|a труды учёных ТПУ
|
| 700 |
|
1 |
|a Гусева
|b Т. В.
|
| 701 |
|
1 |
|a Жилина
|b Т. В.
|
| 702 |
|
1 |
|a Гайдукова
|b Т. А.
|4 727
|
| 801 |
|
1 |
|a RU
|b 63413507
|c 20100601
|
| 942 |
|
|
|c BK
|